| 000 | 00700nam a22002537a 4500 | ||
|---|---|---|---|
| 001 | 0074 | ||
| 003 | DO-SdBNP | ||
| 005 | 20231101120546.0 | ||
| 007 | 0074 | ||
| 008 | 151118b2002 sp | 00| 0 spa d | ||
| 020 | _a8466203109 | ||
| 040 |
_aBPMSU _bspa _cBPMSU |
||
| 082 | 4 |
_a823.8 _bC754c 2002 _222 |
|
| 100 | 1 |
_aConrad, Joseph _d1857-1924. |
|
| 245 | 1 | 0 |
_aCuentos / _cJoseph Conrad |
| 260 |
_aMadrid : _bEditorial Libsa, _c2002. |
||
| 300 |
_a143 p. : _c19 cm. |
||
| 490 | 0 | _aBiblioteca de oro juvenil | |
| 590 | _aInventariado, 2023/VM | ||
| 650 | 4 | _aCuentos juveniles ingleses | |
| 650 | 4 | _aLiteratura Juvenil inglesa | |
| 910 | _aBTavárez/ VMateo V. Control de calidad. BPMSU | ||
| 942 |
_2ddc _cBK |
||
| 999 |
_c8771 _d8771 |
||